Digital Electronics (Record no. 5023)

MARC details
000 -LEADER
fixed length control field 00415nam a22001697a 4500
005 - DATE AND TIME OF LATEST TRANSACTION
control field 20160701105919.0
008 - FIXED-LENGTH DATA ELEMENTS--GENERAL INFORMATION
fixed length control field 160701b xxu||||| |||| 00| 0 eng d
020 ## - INTERNATIONAL STANDARD BOOK NUMBER
ISBN 81-85749-60-4
041 ## - LANGUAGE CODE
Language code of text/sound track or separate title eng
082 ## - DEWEY DECIMAL CLASSIFICATION NUMBER
Item number 18151
100 ## - MAIN ENTRY--AUTHOR NAME
Personal name Gupta, Dr. B R & Singhal, V
245 ## - TITLE STATEMENT
Title Digital Electronics
260 ## - PUBLICATION, DISTRIBUTION, ETC. (IMPRINT)
Name of publisher S.K. Kataria & Sons
Year of publication 2012
300 ## - PHYSICAL DESCRIPTION
Number of Pages 540
650 ## - SUBJECT ADDED ENTRY--TOPICAL TERM
Topical Term Diploma Engineering
942 ## - ADDED ENTRY ELEMENTS (KOHA)
Koha item type Books
Holdings
Lost status Damaged status Home library Current library Shelving location Date acquired Cost, normal purchase price Full call number Accession Number Koha item type
    JRU Library   SHELF-37-I 01/07/2016 275.00 18151 18151 Books
    JRU Library   SHELF-37-I 01/07/2016 275.00 18151 18152 Books
    JRU Library   SHELF-37-I 01/07/2016 275.00 18151 18153 Books
    JRU Library   SHELF-37-I 01/07/2016 275.00 18151 18154 Books
    JRU Library   SHELF-37-I 01/07/2016 275.00 18151 18155 Books
    JRU Library   SHELF-37-I 01/07/2016 275.00 18151 18156 Books
    JRU Library   SHELF-37-I 01/07/2016 275.00 18151 18157 Books
    JRU Library   SHELF-37-I 01/07/2016 275.00 18151 18158 Books
    JRU Library   SHELF-37-I 01/07/2016 275.00 18151 18159 Books
    JRU Library   SHELF-37-I 01/07/2016 275.00 18151 18160 Books
    JRU Library   SHELF-37-I 01/07/2016 275.00 18151 18161 Books
    JRU Library   SHELF-37-I 01/07/2016 275.00 18151 18162 Books